ਭਾਈ ਗੁਰਦਾਸ ਦੀ ਪਹਿਲੀ ਵਾਰ : (Record no. 109632)
[ view plain ]
| 000 -LEADER | |
|---|---|
| fixed length control field | 00989nam a22002057a 4500 |
| 005 - DATE AND TIME OF LATEST TRANSACTION | |
| control field | 20170123164140.0 |
| 010 ## - LIBRARY OF CONGRESS CONTROL NUMBER | |
| LC control number | B-210095 |
| 020 ## - INTERNATIONAL STANDARD BOOK NUMBER | |
| International Standard Book Number | 8178561328 |
| Terms of availability | 150.00 |
| 035 ## - SYSTEM CONTROL NUMBER | |
| System control number | B-210095 |
| 040 ## - CATALOGING SOURCE | |
| Original cataloging agency | DPL |
| Language of cataloging | PN |
| 082 ## - DEWEY DECIMAL CLASSIFICATION NUMBER | |
| Classification number | 260.2 |
| Item number | ਬ੍ਹਹਮ |
| 100 ## - MAIN ENTRY--PERSONAL NAME | |
| Personal name | ਬ੍ਹਹਮਜਗਦੀਸ਼ ਸਿੰਘ |
| 9 (RLIN) | 3849 |
| 245 ## - TITLE STATEMENT | |
| Title | ਭਾਈ ਗੁਰਦਾਸ ਦੀ ਪਹਿਲੀ ਵਾਰ : |
| Remainder of title | ਵਿਆਖਿਆ, ਵਿਸ਼ਲੇਸ਼ਣ ਤੇ ਪਾਠ / |
| Statement of responsibility, etc | ਬ੍ਹਹਮਜਗਦੀਸ਼ ਸਿੰਘ |
| 260 ## - PUBLICATION, DISTRIBUTION, ETC. (IMPRINT) | |
| Place of publication, distribution, etc | ਅਮਿ੍ਤਸਰ |
| Name of publisher, distributor, etc | ਵਾਰਿਸ ਸ਼ਾਹ ਫਾਉਂਂਡੇਸ਼ਨ |
| 270 ## - ADDRESS | |
| Address | 42- ਗੁਰੂ ਤੇਗ ਬਹਾਦੁਰ ਨਗਰ, |
| City | ਅਮਿ੍ਤਸਰ |
| Postal code | 143002 |
| 300 ## - PHYSICAL DESCRIPTION | |
| Extent | 128p. |
| Other physical details | 23cm(Hb) |
| 650 ## - SUBJECT ADDED ENTRY--TOPICAL TERM | |
| Topical term or geographic name as entry element | ਪੰਜਾਬੀ ਸਾਹਿਤ |
| Form subdivision | ਪੰਜਾਬੀ ਸਾਹਿਤ-ਜੀਵਨੀ |
| 9 (RLIN) | 3695 |
| 700 ## - ADDED ENTRY--PERSONAL NAME | |
| Personal name | ਰਾਜਬੀਰ ਕੌਰ |
| 9 (RLIN) | 3694 |
| 942 ## - ADDED ENTRY ELEMENTS (KOHA) | |
| Source of classification or shelving scheme | Dewey Decimal Classification |
| Koha item type | Punjabi Bks |
| Classification part | 260.2 |
| Call number suffix | ਬ੍ਹਹਮ |
| Withdrawn status | Lost status | Damaged status | Not for loan | Home library | Current library | Date acquired | Source of acquisition | Cost, normal purchase price | Total Checkouts | Full call number | Barcode | Date last seen | Copy number | Cost, replacement price | Price effective from | Koha item type |
|---|---|---|---|---|---|---|---|---|---|---|---|---|---|---|---|---|
| Central Library | Central Library | 02/06/2015 | Cen Lib / Ret | 150.00 | 260.2 ਬ੍ਹਹਮ | B-210095 | 02/06/2015 | 1 | 150.00 | 15/09/2016 | Punjabi Bks |
